Chemical and microbiological properties
Αποθηκεύτηκε σε:
| Άλλοι συγγραφείς: | , |
|---|---|
| Μορφή: | Βιβλίο |
| Γλώσσα: | English |
| Δημοσίευση: |
Madison :
American Society of Agronomy, Soil Science Society of America,
1982
|
| Έκδοση: | 2nd ed. |
| Σειρά: | Agronomy ;
; 9 |
| Θέματα: | |
| Ετικέτες: |
Προσθήκη ετικέτας
Δεν υπάρχουν, Καταχωρήστε ετικέτα πρώτοι!
|
MARC
| LEADER | 00000cam a2200000 i 4500 | ||
|---|---|---|---|
| 001 | 1/8886 | ||
| 008 | 961209m19821986 eng d | ||
| 020 | |a 0-89118-088-5 (τ.1) | ||
| 020 | |a 0-89118-072-9 (τ.2) | ||
| 035 | |l 10017269 | ||
| 040 | |a GR-MY-UA |b gre |e aacr | ||
| 041 | 0 | |a eng | |
| 082 | 0 | |a 631.410287 | |
| 245 | 1 | 0 | |a Chemical and microbiological properties / |c edited by A. L. Page, Arnold Klute |
| 250 | |a 2nd ed. | ||
| 260 | |a Madison : |b American Society of Agronomy, |b Soil Science Society of America, |c 1982 | ||
| 300 | |a 2 τ.; |b εικ.; |c 24 εκ. | ||
| 490 | 1 | |a Agronomy |v ; 9 | |
| 504 | |a Περιέχει βιβλιογραφικές παραπομπές και ευρετήριο | ||
| 505 | 0 | |a Τ.1. Physical and mineralogical methodsτ.2. Chemical and microbiological properties | |
| 650 | 0 | 0 | |a Soils |x Analysis. |
| 700 | 1 | |a Page, Albert L. |4 edt | |
| 700 | 1 | |a Klute, Arnold. |4 edt | |
| 830 | 0 | |a Agronomy ; |v ; 9 | |
| 852 | |a INST |b LESVOS |e 19961209 |h 631.410287 MET |p 005100007270 |q 005100007270 |t BK |y 0 |z v.1 | ||
| 852 | |a INST |b LESVOS |e 19961209 |h 631.410287 MET |p 005100032556 |q 005100032556 |t BK |y 0 |z τ.2 | ||
| 852 | |a INST |b LESVOS |e 19961209 |h 631.410287 MET |p 005100007270 |q 005100007270 |t BK |v v.1: |y 0 |z v.1 | ||
| 852 | |a INST |b LESVOS |e 19961209 |h 631.410287 MET |p 005100032556 |q 005100032556 |t BK |v τ.2: |y 0 |z τ.2 | ||
| 853 | |a INST |b LESVOS |h 631.410287 MET | ||
| 909 | |a Λ |b 010313 | ||
| 909 | |a Λ |b 010312 | ||